000 00352nam a2200121Ia 4500
008 220204s9999 xx 000 0 und d
020 _a8121209951
082 _a915(540)ASA
_bSES.25
100 _aSeshagiri, N
245 0 _aEncyclopaedia of cities and towns in India. 27 V. V.25. Assam
260 _aNew Delhi
_bGyan Publishing House
_c2009
942 _cBK
999 _c42823
_d42823